Advanced Accounting (Record no. 1454)
[ view plain ]
| 005 - DATE AND TIME OF LATEST TRANSACTION | |
|---|---|
| control field | 20250415115002.0 |
| 020 ## - INTERNATIONAL STANDARD BOOK NUMBER | |
| International Standard Book Number | 0-471-63761-0 |
| 082 ## - DEWEY DECIMAL CLASSIFICATION NUMBER | |
| Classification number | 657.046 HAR |
| 100 ## - MAIN ENTRY--PERSONAL NAME | |
| Author name | HARIED, A. A. |
| 245 ## - TITLE STATEMENT | |
| Title | Advanced Accounting |
| 250 ## - EDITION STATEMENT | |
| Edition statement | 4th Ed. |
| 260 ## - PUBLICATION, DISTRIBUTION, ETC. | |
| Place of publication, distribution, etc. | New York, |
| Name of publisher, distributor, etc. | John Wiley & Sons, |
| Date of publication, distribution, etc. | 1988. |
| 300 ## - PHYSICAL DESCRIPTION | |
| Extent | xxv, 963p.: ill.; table, |
| Other physical details | index, |
| Dimensions | 23cm. |
| 700 ## - ADDED ENTRY--PERSONAL NAME | |
| Other authors/Editors | IMDIEKE , L. F. & SMITH, R. E. |
| 942 ## - ADDED ENTRY ELEMENTS (KOHA) | |
| Source of classification or shelving scheme | Dewey Decimal Classification |
| Koha item type | Books |
| Date last seen | Total checkouts | Full call number | Barcode | Cost, replacement price | Price effective from | Koha item type | Lost status | Source of classification or shelving scheme | Damaged status | Not for loan | Withdrawn status | Home library | Current library | Shelving location | Date acquired | Cost, normal purchase price |
|---|---|---|---|---|---|---|---|---|---|---|---|---|---|---|---|---|
| 04/15/2025 | 657.046 HAR | 0000005483 | 30000.00 | 04/15/2025 | Books | Dewey Decimal Classification | College of Business Education Main Library | College of Business Education Main Library | General Collection | 04/15/2025 | 10000.00 | |||||
| 04/25/2025 | 657.046 HAR | 0000005334 | 30000.00 | 05/09/2025 | Books | Dewey Decimal Classification | College of Business Education Main Library | College of Business Education Main Library | General Collection | 08/10/1990 | 10000.00 | |||||
| 05/09/2025 | 657.046 HAR | 0000005336 | 30000.00 | 05/09/2025 | Books | Dewey Decimal Classification | College of Business Education Main Library | College of Business Education Main Library | General Collection | 08/10/1990 | 10000.00 | |||||
| 05/09/2025 | 657.046 HAR | 0000005337 | 30000.00 | 05/09/2025 | Books | Dewey Decimal Classification | College of Business Education Main Library | College of Business Education Main Library | General Collection | 08/10/1990 | 10000.00 | |||||
| 05/09/2025 | 657.046 HAR | 0000005335 | 30000.00 | 05/09/2025 | Books | Dewey Decimal Classification | College of Business Education Main Library | College of Business Education Main Library | General Collection | 08/10/1990 | 10000.00 | |||||
| 05/09/2025 | 657.046 HAR | 0000006221 | 30000.00 | 05/09/2025 | Books | Dewey Decimal Classification | College of Business Education Main Library | College of Business Education Main Library | General Collection | 08/10/1990 | 10000.00 |
